Normal view
MARC view
- Salvadorr Miracle Sole, Jean Ruiz, Valentin Zagrebnov
Entry Personal Name
001 - CONTROL NUMBER
- control field: 20595
003 - CONTROL NUMBER IDENTIFIER
- control field: NUST
005 - DATE AND TIME OF LATEST TRANSACTION
- control field: 20190913055403.0
008 - FIXED-LENGTH DATA ELEMENTS
- fixed length control field: 190913|| aca||aabn | a|a d
040 ## - CATALOGING SOURCE
- Original cataloging agency: NUST
- Transcribing agency: NUST
100 ## - HEADING--PERSONAL NAME
- Personal name: Salvadorr Miracle Sole, Jean Ruiz, Valentin Zagrebnov
670 ## - SOURCE DATA FOUND
- Source citation: Work cat.: (NUST): Salvadorr Miracle Sole, Jean Ruiz, Valentin Zagrebnov, Mathematical Results in Statistical Mechanics , 1999
